Les 10 vols sans escale les plus longs au monde - Statistiques

Statistiques générales
  • Ce quiz a été pris 39 fois
    37 depuis la dernière actualisation
  • Le résultat moyen est 2 sur 10
Statistiques - réponses
Distance Compagnie aérienne qui assure le vol Réponse % Correct
15 347 KM Singapore Airlines New York - Singapour
100%
14 096 KM Singapore Airlines Los Angeles - Singapour
37%
14 525 KM Qatar Airways Auckland - Doha
20%
14 194 KM Emirates Auckland - Dubai
20%
14 499 KM Qantas Perth - Londres
17%
15 344 KM Singapore Airlines Newark - Singapour
13%
13 801 KM Qantas Dallas - Sydney
7%
13 690 KM Philippines Airlines New York - Manille
3%
13 829 KM United Airlines Houston - Sydney
0%
14 001 KM Air India San Francisco - Bangalore
0%
Aucun quiz correspondant
Distribution des résultats
% des personnes avec chaque résultat
Percentile par nombre de réponses
Votre historique - résultats
Vous n’avez pas pris ce quiz depuis la dernière actualisation